Diagnóstico por imágenes en Medicina II. (Registro nro. 2589)

Detalles MARC
000 -LEADER
fixed length control field 01755nam a2200469 a 4500
008 - CAMPO DE CONTROL (LIBRO)
fixed length control field 171115e1997 ag ||||| |||| 00| 0 spa d
020 ## - INTERNATIONAL STANDARD BOOK NUMBER
ISBN 9504384749
041 ## - CODIGO DE IDIOMA
Código de idioma del texto/pista de sonido o título separado spa
092 ## - SIGNATURA TOPOGRAFICA DEWEY LOCAL
número de clasificación 616.0757
libristica 21
sección ELE
245 ## - TITULO PROPIAMENTE DICHO
Título Diagnóstico por imágenes en Medicina II.
Subtítulo y Título paralelo T.1 Tórax. Retroperitoneo. Pancreas /
Mención de responsabilidad y remanente de la transcripción de la portada Francisco A. Eleta
250 ## - MENCION DE EDICION
Mención de edición 1a ed.
260 ## - PIE DE IMPRENTA
Lugar de publicación, distribución, etc Buenos Aires:
Nombre de la editorial, distribuidor, etc Arcangel Maggio;
Fecha de publicación 1997.
300 ## - DESCRIPCION FISICA
Extension 271 p.
500 ## - NOTA GENERAL
Nota general Eleta, F. A. et al. (1997). Diagnóstico por imágenes en Medicina II. T.1 Tórax. Retroperitoneo. Páncreas. (1a ed.). Buenos Aires : Arcangel Maggio.
653 ## - TÉRMINO INDIZADO - PALABRAS CLAVES
Palabra clave Torax
653 ## - TÉRMINO INDIZADO - PALABRAS CLAVES
Palabra clave Retroperitoneo
653 ## - TÉRMINO INDIZADO - PALABRAS CLAVES
Palabra clave Pancreas
653 ## - TÉRMINO INDIZADO - PALABRAS CLAVES
Palabra clave Anatomia del torax
653 ## - TÉRMINO INDIZADO - PALABRAS CLAVES
Palabra clave Torax: Metodos de diagnostico por imagenes
653 ## - TÉRMINO INDIZADO - PALABRAS CLAVES
Palabra clave Malformaciones congenitas y enfermedades pulmonares del recien nacido y del niño
653 ## - TÉRMINO INDIZADO - PALABRAS CLAVES
Palabra clave Malformaciones congenitas y enfermedades pulmonares del recien nacido y del niño
653 ## - TÉRMINO INDIZADO - PALABRAS CLAVES
Palabra clave Alteraciones de las vias aereas y de la ventilacion pulmonar
653 ## - TÉRMINO INDIZADO - PALABRAS CLAVES
Palabra clave Infecciones pulmonares
653 ## - TÉRMINO INDIZADO - PALABRAS CLAVES
Palabra clave Enfermedades difusas pulmonares
653 ## - TÉRMINO INDIZADO - PALABRAS CLAVES
Palabra clave Torax agudo
653 ## - TÉRMINO INDIZADO - PALABRAS CLAVES
Palabra clave Tumores pulmonares
653 ## - TÉRMINO INDIZADO - PALABRAS CLAVES
Palabra clave Mediastino
653 ## - TÉRMINO INDIZADO - PALABRAS CLAVES
Palabra clave Enfermedades de la pleura
653 ## - TÉRMINO INDIZADO - PALABRAS CLAVES
Palabra clave Alteraciones de las paredes toracicas y del diafragma
653 ## - TÉRMINO INDIZADO - PALABRAS CLAVES
Palabra clave Retroperitoneo
700 1# - ENTRADAS SECUNDARIAS - NOMBRE PERSONAL
Nombre personal Eleta, Francisco A.
9 (RLIN) 802
700 1# - ENTRADAS SECUNDARIAS - NOMBRE PERSONAL
Nombre personal Velan, Osvaldo
9 (RLIN) 803
700 1# - ENTRADAS SECUNDARIAS - NOMBRE PERSONAL
Nombre personal San Roman, Jose Luis
9 (RLIN) 804
700 1# - ENTRADAS SECUNDARIAS - NOMBRE PERSONAL
Nombre personal Blejman, Oscar
9 (RLIN) 805
700 1# - ENTRADAS SECUNDARIAS - NOMBRE PERSONAL
Nombre personal Bais, Mario H.
9 (RLIN) 3383
700 1# - ENTRADAS SECUNDARIAS - NOMBRE PERSONAL
Nombre personal Secco, Roberto A.
9 (RLIN) 3384
700 1# - ENTRADAS SECUNDARIAS - NOMBRE PERSONAL
Nombre personal Garcia Monaco, Ricardo
9 (RLIN) 1477
700 1# - ENTRADAS SECUNDARIAS - NOMBRE PERSONAL
Nombre personal Farias, Patricia
9 (RLIN) 1474
700 1# - ENTRADAS SECUNDARIAS - NOMBRE PERSONAL
Nombre personal Da Silva, Jorge
9 (RLIN) 3385
700 1# - ENTRADAS SECUNDARIAS - NOMBRE PERSONAL
Nombre personal Torres, Diana
9 (RLIN) 3386
942 ## - ADDED ENTRY ELEMENTS (KOHA)
Source of classification or shelving scheme Dewey Decimal Classification
Item type Libros
Existencias
Estado de retiro Existencia Fuente de clasificación Estado general No para prestamo Ubicación permanente ubicación actual Sala de ubicación Fecha de adquisición Fuente de adquisición Total Checkouts Número de clasificación Código de barras Date last seen Número de ejemplar Price effective from Koha tipo de elemento (item) Public note
    Dewey Decimal Classification     Biblioteca Medicina Biblioteca Medicina Circulación 15/11/2017 Donacion   616.0757;21;ELE 4047 15/11/2017 Ej. 1 15/11/2017 Libros Donacion Dr. Jorge Trova Nov/2017

UNIVERSIDAD NACIONAL DEL COMAHUE
Biblioteca de la Facultad de Ciencias Médicas
Sede Toschi: Los Arrayanes y Av. Toschi, Cipolletti  - Rio Negro
Sede Los Tordos:  Yrigoyen al 2211, Cipolletti - Rio Negro 

Teléfono: 0299 - 4774707 int 25
Contacto: biblioteca@facimed.uncoma.edu.ar
© 2011 - 2026